000 00629nam a2200217Ii 4500
003 JO-AjNU
008 230606s9999||||xx |||||||||||||| ||und||
020 _a978-0-07-07024-9
040 _aJO-AjNU
_beng
_erda
_cJO-AjNU
041 _aeng
050 1 4 _aTA684.G3.2011
100 3 _aGaylord, Edwin/Charles Gaylord/James Stallmeyer,
_eauthor
_95127
245 0 0 _aDesign of Steel Structures
250 _a3 ed
264 3 1 _aNew Delhi:Tata Mcgraw hill,2011
300 _a792p
336 _atext
_btxt
_2rdacontent
337 _aunmediated
_bn
_2rdamedia
338 _avolume
_bnc
_2rdacarrier
650 4 _aSteel Structures
_95128
999 _aE2651
_c2649
_d2649